00801cam a22002651 4500001001300000003000400013005001700017008004100034010001700075025001900092035002000111040001800131042001200149043001200161050002100173110004500194245012700239260002200366300001800388500001700406504002800423650004100451700002600492999001700518sa 67004293 DLC20260227112345.0870226s1966 pk b f000 0 eng  asa 67004293  aPL480:P-E-1144 a(OCoLC)15244711 aDLCcWaUdDLC apremarc aa-pk---00aHA39.P3bA5 19641 aPakistan.bPopulation Growth Estimation.10aExisting birth and death registration systems in East and West Pakistan, 1964,ba summary report,cby Elizabeth Gustafson. a[Karachi,c1966?] a35 p.c26 cm. aCover title. aBibliography: p. 29-31. 0aRegisters of births, etc.zPakistan.1 aGustafson, Elizabeth. c74365d74365